000 02243nam0a2200337 i 4500
001 RU\NLR\BIBL_A\010879769
005 20260406093906.0
010 _a9785731032452
_d150
021 _aRU
_b2015-75590
_94560
035 _a(NLR Aleph) 010879769
090 _a10498564
_c10498564
100 _a20151102d2015 k y0rusy50 ca
101 0 _arus
_aeng
102 _aRU
105 _a |||z|||100
200 1 _aИнновационные технологии в сервисе
_dInnovative technologies in service
_eсборник материалов IV Международной научно-практической конференции, 18-19 декабря 2014 года
_fпод ред. д.э.н., проф. А. Е. Карлика
_zeng
210 _aСанкт-Петербург
_cИзд-во Санкт-Петербургского государственного экономического университета
_d2015
215 _a471 с.
_cил.
_d20
300 _aВ надзаг.: Межпарламент. ассамблея государств-участников Содружества независимых государств, М-во образования и науки Рос. Федерации, Ком. по науке и высш. шк. Санкт-Петербурга [и др.]
300 _aЧасть текста на англ. яз.
320 _aБиблиогр. в конце докл.
510 1 _aInnovative technologies in service
_zeng
606 1 _aСфера услуг
_jСъезды, совещания и т.п
_xИнновационная деятельность
_yРоссийская Федерация
_92411929
_3RU\NLR\AUTH\661436996
675 _a338
686 1 _aУ49(2)-55(2Р)я431
702 1 _4340
_8rus
_7ca
_aКарлик
_bА. Е.
_f1946-
_gАлександр Евсеевич
_3RU\NLR\AUTH\7767585
_950513
711 1 2 _a"Инновационные технологии в сервисе", международная научно-практическая конференция
_d4
_eСанкт-Петербург
_f2014
_9490023
_3RU\NLR\AUTH\880412294
942 _cBOOK
980 _aNBR